000 00431nam a2200169Ia 4500
008 180921t1978 xxu||||| |||| 00| 0 eng d
041 _aeng
080 _a591.9
_bCAM
100 _aCampbell, Andrew C.
245 4 _aThe wonderful world of life in the sea
260 _bHamlyn
_aLondon
_c1978
300 _a96p., ill., 30 cm
650 _aCoral reef
942 _cBK
999 _c15993
_d15993
003 LK-CoDNM
040 _aLK-CoDNM
_dLK-CoDNM
_eLK-CoDNM